000 00354nam a2200133Ia 4500
008 240624s9999 xx 000 0 und d
041 _aeng
082 _a658.4038011 WAL
100 _aTURBAN E
245 _aINFORMATION TECHNOLOGY FOR MANAGEMENT AD
260 _c2016
_aNew Delhi
_bWiley India
300 _axi, : 362 : p. : cm. ; 25
365 _cRS
_b27.5
999 _c27743
_d27743